Interior Design Traditions In India. (Record no. 13632)

MARC details
000 -LEADER
fixed length control field 00376nam a2200145Ia 4500
008 - FIXED-LENGTH DATA ELEMENTS--GENERAL INFORMATION
fixed length control field 220803s9999 xx 000 0 und d
041 ## - LANGUAGE CODE
Language code of text/sound track or separate title eng
082 ## - DEWEY DECIMAL CLASSIFICATION NUMBER
Classification number 729 SID
100 ## - MAIN ENTRY--PERSONAL NAME
Personal name SID Pub.
9 (RLIN) 20255
245 ## - TITLE STATEMENT
Title Interior Design Traditions In India.
260 ## - PUBLICATION, DISTRIBUTION, ETC. (IMPRINT)
Place of publication, distribution, etc. Ahmedabad
Name of publisher, distributor, etc. Research Cell SID
Date of publication, distribution, etc. 2006
300 ## - PHYSICAL DESCRIPTION
Extent 63p
500 ## - GENERAL NOTE
Keywords Architecture
650 ## - SUBJECT ADDED ENTRY--TOPICAL TERM
Topical term or geographic name as entry element Interior Design
9 (RLIN) 20256
Holdings
Withdrawn status Lost status Damaged status Not for loan Collection code Home library Current library Shelving location Date acquired Vendor Cost, normal purchase price Total Checkouts Full call number Barcode Date last seen Cost, replacement price Bill Date Koha item type Original Barcode
        Book of B Arch Dr. Bhanuben Nanavati College of Architecture Dr. Bhanuben Nanavati College of Architecture   15/12/2008 CEPT School of Interior Design Research Cell 50.00   729 SID BNCA-BK-6356 03/08/2022 50.00 22/10/2008 Books B006356